| 000 | 00482nam a2200169Ia 4500 | ||
|---|---|---|---|
| 008 | 180910s9999 xx 000 0 und d | ||
| 100 | _aAsian media information and communication center. | ||
| 245 | _aMedia Asia / | ||
| 245 | _cAsian media information and communication center. | ||
| 260 | _bRouthledge | ||
| 260 | _c1974 | ||
| 300 | _a121 pages. | ||
| 440 |
_aThe disinformation dilemma / _v44 : 2 |
||
| 650 | _aCommunication. | ||
| 650 | _aMedia arts. | ||
| 942 |
_2lcc _cSE |
||
| 999 |
_c358712 _d358712 |
||